000 00285nam a22001097a 4500
008 230608b xxu||||| |||| 00| 0 eng d
082 _a370.751
_b9MES
245 _aEducation in Korea
260 _aKorea
_bMinistry of Education, Science Technology
_c2009
300 _a206p
942 _2ddc
_cBK
999 _c848
_d848